Lions and Tigers and Bears! Oh, My! - Statistics

General Stats
  • This quiz has been taken 18 times
  • The average score is 13 of 29
Answer Stats
% Correct
India
94%
Russia
94%
China
88%
Kenya
71%
Malaysia
65%
United Kingdom
65%
Bangladesh
53%
Finland
53%
Netherlands
53%
Norway
53%
Iran
47%
Belgium
41%
Bulgaria
41%
Ethiopia
41%
Liberia
41%
Morocco
41%
Myanmar
41%
South Korea
41%
Sri Lanka
41%
Taiwan
41%
Libya
35%
Luxembourg
35%
Singapore
35%
Cameroon
29%
Czechia
29%
Gambia
24%
North Macedonia
18%
Sierra Leone
18%
Togo
18%
No matching quizzes found
Score Distribution
Percent of People with Each Score
Percentile by Number Answered
Your Score History
You have not taken this quiz